Arts et sciences du texte (Record n. 87782)

Dettagli MARC
000 -LEADER
fixed length control field 01694nam a2200289Ia 4500
001 - CONTROL NUMBER
control field H0256
003 - CONTROL NUMBER IDENTIFIER
control field IT-RoPAU
008 - FIXED-LENGTH DATA ELEMENTS--GENERAL INFORMATION
fixed length control field 130308s9999 xx 000 0 und d
040 ## - CATALOGING SOURCE
Original cataloging agency IT-RoPAU
040 ## - CATALOGING SOURCE
Transcribing agency IT-RoPAU
041 ## - LANGUAGE CODE
Language code of text/sound track or separate title FRANCESE
100 ## - MAIN ENTRY--PERSONAL NAME
Personal name Rastier Francois
100 ## - MAIN ENTRY--PERSONAL NAME
Miscellaneous information Codice Aut. SPICS: 12934
245 ## - TITLE STATEMENT
Title Arts et sciences du texte
245 ## - TITLE STATEMENT
Remainder of title Arts et Sciences Du Texte
250 ## - EDITION STATEMENT
Edition statement 1a ed.
260 ## - PUBLICATION, DISTRIBUTION, ETC. (IMPRINT)
Place of publication, distribution, etc. PARIS
260 ## - PUBLICATION, DISTRIBUTION, ETC. (IMPRINT)
Name of publisher, distributor, etc. Presses Universitaires France
260 ## - PUBLICATION, DISTRIBUTION, ETC. (IMPRINT)
Date of publication, distribution, etc. 2001 [1° Ed.:2001 - Ed.Ling.Originale:2001]
300 ## - PHYSICAL DESCRIPTION
Extent "316 p. (prefazione: 8; testo: 308 [pagine: 0-0])"
500 ## - GENERAL NOTE
General note "Arti e Scienze del testo . Linguistica e Semantica dei Testi: Cos'E' un testo ; Statuto di una Linguistica dei Testi: Oggetti e Obiettivi; Semantica dei Testi. Semiotica: dal Segno al testo : Semiotica Come Teoria del testo ; Hjelmslev e I Limiti di un paradigma Semiotico del testo . Filologia Numerica:Situazione Epistemologica; campi della Filologia Numerica; Rinnovamenti dell'Interpretazione. Ermeneutica Materiale: Fattori Epistemologici; Deficit Ermeneutici delle Scienze del Linguaggio; strategie Interpretative. Retorica e Interpretazione: Esempio dei Tropi; Tropi e Significazione; Semantica Lessicale e Tropi; Semantica interpretativa dei Tropi. stilistica e Linguistica degli Stili. tematica e topica. Poetica Generalizzata: Generi ed Enunciazione; Proposizioni Descrittive; Dai Generi All'Intertesto; Dibattiti nella Linguistica dei Generi; Generi e mediazioni Simboliche. Epilogo: Testi e Scienze della Cultura. Glossario. Bibliografia."
650 ## - SUBJECT ADDED ENTRY--TOPICAL TERM
Topical term or geographic name as entry element LINGUISTICA
650 ## - SUBJECT ADDED ENTRY--TOPICAL TERM
Relator term Codice materia Spics: 3201
942 ## - ADDED ENTRY ELEMENTS (KOHA)
Koha item type LIBRO
957 ## -
-- 1
999 ## - SYSTEM CONTROL NUMBERS (KOHA)
-- 1
Dati di copia
Withdrawn status Lost status Damaged status Not for loan Home library Current library Date acquired Total Checkouts Full call number Date last seen Price effective from Koha item type Public note
    Buone Condizioni Not For Loan SPICS-MEDIATECA SPICS-MEDIATECA 08/03/2013   H0256 08/03/2013 08/03/2013 LIBRO Progressivo inserimento: 2146 / N. Volumi: 1 Copie: 1 / data import: 1 marzo 2013 - By Epidotti, Trombetti, Vaglietti.
CREDITS: SOCIETA' SAN PAOLO Via A.Severo, 58 - ROMA (RM) & PERIODICI SAN PAOLO SRL Via Giotto, 36 MILANO & CISF Via Giotto, 36 MILANO & EDIZIONI SAN PAOLO SRL,  Piazza Soncino, 5 CINISELLO BALSAMO (MI) -- ITALY